000 00302nam a22001337a 4500
008 171005b xxu||||| |||| 00| 0 eng d
020 _a9780521576352
041 _aeng
080 _a159.9
100 _a49
101 _aPSI
245 _aHUMAN EVOLUTION LANGUAGE AND MIND
_cNOBLE,W
942 _2udc
_cBK
999 _c32032
_d32032